Responses for Show #5754 - Thursday, September 24, 2009

Contestants

[<< previous game]

Christopher Nold, an economics and film studies student from Louisville, Kentucky

Rachel Landau, a museum night security guard from Chicago, Illinois

Joann Mariani, a high school English teacher from Brooklyn, New York (whose 1-day cash winnings total $19,500)

[next game >>]

Jeopardy! Round responses

CHINA IN THE MUSEUM
MOVIE MISSING LINKS
GETTING SHIFT-Y WITH YOUR KEYBOARD
HELLO, WALLS
ROAD RELATED
ONLY IN AMERICA
(Alex: Each correct response will be a word that can be formed only with the letters in the word "America".)
    $200 26
(Christopher: What is emerald?)

jade

JoannChristopher
    $200 1
Beverly Hills

Christopher
    $200 10
the exclamation point

Joann
    $200 21
Jericho

Joann
    $200 6
a service road

Christopher
    $200 16
acre

Christopher
    $400 27
(Joann: What is Shinto?)
(Christopher: What is Taoism?)

Buddhism

JoannChristopher
Triple Stumper
    $400 2
Field

Christopher
    $400 11
an at sign

Christopher
    $400 22
the Vietnam War Memorial

Christopher
    $400 7
the intersection

Christopher
    $400 17
(Rachel: Uh, a... mare-ic?)

mare

JoannRachel
    $600 28
silk

Joann
    $600 3
Blood

Joann
    $600 12
the question mark

Christopher
    $600 23
Prague

Christopher
    $600 8
curb

Christopher
    $600 18
cream

Joann
    $800 29
the Ming Dynasty

Joann
    $800 4
Iron

Christopher
    $800 13
the asterisk (asterik accepted)

Christopher
    $2,500 24
the Berlin Wall

Christopher
    $800 9
the median

Rachel
    $800 19
mace

Christopher
    $1000 30
calligraphy

Triple Stumper
    $1000 5
Pieces

Christopher
    $1000 14
the tilde

Christopher
    $1000 25
(Alex: [*], yes, in England.)

Hadrian

Christopher
    $1000 15
the fast lane

Joann
    $1000 20
acme

Joann

Scores at the first commercial break (after clue 15):

Joann Rachel Christopher
$1,800 $800 $6,400

Scores at the end of the Jeopardy! Round:

Joann Rachel Christopher
$5,200 $400 $11,300

Double Jeopardy! Round responses

BYRON
TOP 40 MATH
PASSIVE-AGGRESSIVE HISTORY
SCIENCE "L"IST
BEYOND MEASURE
YE OLDE JOBBE FAIRE
    $400 4
the House of Lords

Christopher
    $400 11
3

Joann
    $400 1
Henry VIII

Christopher
    $400 12
light years

Joann
    $400 21
ships (or boats)

Christopher
    $800 7
the Ottoman Empire

Christopher
    $800 17
550

Joann
    $800 2
(Rachel: What is Thebes?)

Athens

RachelChristopher
    $800 13
lithium

Christopher
    $800 22
cooper

Triple Stumper
    $1200 8
Westminster Abbey

Christopher
    $1200 18
(Alex: 17 - 16, correct.)

1

Christopher
    $1200 3
Rommel

Joann
    $1200 14
lambda

Christopher
    $1200 23
(Joann: What is a bagman?)
...
(Alex: Remember the song?--"Come Mr. [*], tally me bananas".)

tallyman

Joann
Triple Stumper
    $1600 9
Venice

Christopher
    $1600 19
0

Joann
    $1600 5
Churchill

Christopher
    $1600 15
(Christopher: What are... legumes?)

the laurel family

Christopher
Triple Stumper
    $3,000 27
(Christopher: What is the hard drive?)
[The end-of-round signal sounds.]

a mouse

Christopher
    $1600 24
(Rachel: What are wheels?)
(Christopher: What are carriages?)

wagons

RachelChristopher
Triple Stumper
    $2000 10
(Christopher: What is the Bosporus?)
...
(Alex: He swam [*] on the other side.)

the Hellespont

Christopher
Triple Stumper
    $2000 20
16

Christopher
    $2000 6
(Christopher: Who is Pickett?)

Jeb Stuart

Christopher
Triple Stumper
    $2000 16
lasers

Triple Stumper
    $2000 26
pleasure

Christopher
    $2,500 25
(Christopher: What is livestock?)

rabbits

Christopher

Scores at the end of the Double Jeopardy! Round:

Joann Rachel Christopher
$8,400 -$2,000 $13,000

[wagering suggestions for these scores]

Final Jeopardy! Round responses

FROM PAGE TO SCREEN
(Alex: Thomas Keneally's book inspired by that list.)
JoannWhat is Pearl Harbor
$8,301
ChristopherWhat is Schindler's List?
$10,000
Schindler's List

Final scores:

Joann Rachel Christopher
$99 -$2,000 $23,000
2nd place: $2,000 3rd place: $1,000 New champion: $23,000

Game dynamics:

Coryat scores:

Joann Rachel Christopher
$8,400 -$2,000 $16,800
15 R,
2 W
1 R,
3 W
30 R
(including 1 DD),
8 W
(including 2 DDs)

Combined Coryat: $23,200

[game clues] [game scores] [suggest correction]

Game tape date: 2009-07-29
The J! Archive is created by fans, for fans. Scraping, republication, monetization, and malicious use prohibited; this site may use cookies and collect identifying information. See terms. The Jeopardy! game show and all elements thereof, including but not limited to copyright and trademark thereto, are the property of Jeopardy Productions, Inc. and are protected under law. This website is not affiliated with, sponsored by, or operated by Jeopardy Productions, Inc. Join the discussion at JBoard.tv.